000 00403nam a2200133Ia 4500
008 220217s9999||||xx |||||||||||||| ||und||
020 _a0-07-462471-7
082 _a005.73 TRE
100 _aTremblay, J.P Sorenson, Paul, G
245 0 _aIntroduction to data structure with applications
260 _aTata mcgraw hill
_bNew Delhi
_c2000
300 _aXVIII, 861p
_b225
650 _aDATA STRUCTURES
999 _c165924
_d165924